Atatürk hakkında hâtıralar ve belgeler /

Bibliographic Details
Main Author: Afetinan, A.
Format: Book
Language:Turkish
Published: Ankara : Türk Tarih Kurumu Basımevi, 1959.
Series:Türkiye İş Bankası Atatürk ve Devrim serisi ; no. 10.
Subjects:

MARC

Tag First Indicator Second Indicator Subfields
LEADER 00000cam a2200000Ia 4500
001 in00003605708
005 20170928111948.0
008 850117s1959 tu acfh 001 0btur d
010 |a ne 63001824  
019 |a 23552205 
035 |a (OCoLC)ocm11593669 
035 |a (OCoLC)11593669  |z (OCoLC)23552205 
040 |a CLU  |b eng  |c CLU  |d OCLCG  |d EYM  |d OCLCQ  |d OCLCF  |d OCLCQ  |d OCLCO  |d TXA  |d UtOrBLW 
043 |a a-tu--- 
049 |a TXAM 
050 4 |a DR592.K4  |b A62 1959 
100 1 |a Afetinan, A.  |0 http://id.loc.gov/authorities/names/n79091928 
245 1 0 |a Atatürk hakkında hâtıralar ve belgeler /  |c Afetinan. 
264 1 |a Ankara :  |b Türk Tarih Kurumu Basımevi,  |c 1959. 
300 |a xii, 311 pages, 38 unnumbered pages of plates :  |b illustrations, facsimiles, portraits ;  |c 24 cm. 
336 |a text  |b txt  |2 rdacontent 
337 |a unmediated  |b n  |2 rdamedia 
338 |a volume  |b nc  |2 rdacarrier 
490 1 |a Türkiye İş Bankası Atatürk ve Devrim serisi ;  |v no. 10 
500 |a Includes index. 
600 1 0 |a Atatürk, Kemal,  |d 1881-1938.  |0 http://id.loc.gov/authorities/names/n80044800 
651 0 |a Turkey  |x Presidents  |v Biography. 
651 0 |a Turkey  |x History  |y 1918-1960.  |0 http://id.loc.gov/authorities/subjects/sh85138835 
600 1 7 |a Atatürk, Kemal,  |d 1881-1938.  |2 fast  |0 (OCoLC)fst00053305 
651 7 |a Turkey.  |2 fast  |0 (OCoLC)fst01208963 
648 7 |a 1918 - 1960  |2 fast 
655 7 |a History.  |2 fast  |0 (OCoLC)fst01411628 
776 0 8 |i Online version:  |a Afetinan, A.  |t Atatürk hakkinda hâtiralar ve belgeler.  |d Ankara, Türk Tarih Kurumu Basimevi, 1959  |w (OCoLC)555351441 
776 0 8 |i Online version:  |a Afetinan, A.  |t Atatürk hakkında hâtıralar ve belgeler.  |d Ankara : Türk Tarih Kurumu Basımevi, 1959  |w (OCoLC)609269401 
830 0 |a Türkiye İş Bankası Atatürk ve Devrim serisi ;  |v no. 10. 
994 |a C0  |b TXA 
948 |a cataloged  |b h  |c 2016/2/25  |d c  |e nbehmer  |f 11:48:51 am 
999 f f |s 94137f4f-f2c1-3bd5-8aec-ba9b8dfa50cd  |i 6ad0ecbd-aba4-3295-a766-884ec687f10c  |t 0 
952 f f |p noncirc  |a Texas A&M University  |b College Station  |c Sterling C. Evans Library  |d Bodrum (located in Turkey)  |t 0  |e DR592.K4 A62 1959  |h Library of Congress classification  |i unmediated -- volume 
998 f f |a DR592.K4 A62 1959  |t 0  |l Bodrum (located in Turkey)